Residents' views of new forms of high-density affordable living (Record no. 108108)

MARC details
000 -LEADER
fixed length control field 01443cad a22002295a 4500
001 - CONTROL NUMBER
control field L143220
008 - FIXED-LENGTH DATA ELEMENTS--GENERAL INFORMATION
fixed length control field 080417e20080411xxkd f s 000 0 eng d
020 ## - INTERNATIONAL STANDARD BOOK NUMBER
International Standard Book Number 9781905018543
035 ## - SYSTEM CONTROL NUMBER
System control number (Sirsi) u143220
041 0# - LANGUAGE CODE
Language code of text/sound track or separate title eng
100 1# - MAIN ENTRY--PERSONAL NAME
Personal name Bretherton, Joanne
245 00 - TITLE STATEMENT
Title Residents' views of new forms of high-density affordable living
Medium [electronic resource]
260 ## - PUBLICATION, DISTRIBUTION, ETC.
Place of publication, distribution, etc. York
Name of publisher, distributor, etc. JRF
Date of publication, distribution, etc. 2008
520 ## - SUMMARY, ETC.
Summary, etc. Presents the results of research aimed at discovering residents' views of and attitudes towards high density residential developments. Considers eight case studies. Finds that the degree of decision to move into such developments varies according to tenure type. Owner occupiers had the greatest degree of choice. Although costs were generally lower, many respondents reported continuing problems with affordability. Design and architecture was viewed generally positively. Crime was still a concern and there was not felt to be a strong sense of community cohesion. More than half did not expect to stay longer than five years. Suggests improvements for future developments.
521 2# - TARGET AUDIENCE NOTE
Target audience note Advanced
590 ## - LOCAL NOTE (RLIN)
Local note KA
651 #4 - SUBJECT ADDED ENTRY--GEOGRAPHIC NAME
Geographic name United Kingdom
Chronological subdivision
690 ## - LOCAL SUBJECT ADDED ENTRY--TOPICAL TERM (OCLC, RLIN)
Topical term or geographic name as entry element PROPERTY-RESIDENTIAL PROPERTY-DOMESTIC RESIDENTIAL PROPERTY-HOUSING
700 1# - ADDED ENTRY--PERSONAL NAME
Personal name Pleace, Nicholas
856 40 - ELECTRONIC LOCATION AND ACCESS
Uniform Resource Identifier <a href="https://www.jrf.org.uk/publications/residents-views-new-forms-high-density-affordable-living">https://www.jrf.org.uk/publications/residents-views-new-forms-high-density-affordable-living</a>
Public note View the item free of charge at www.jrf.org.uk
942 ## - ADDED ENTRY ELEMENTS (KOHA)
Suppress in OPAC 0
Holdings
Withdrawn status Lost status Source of classification or shelving scheme Damaged status Not for loan Home library Current library Shelving location Date acquired Total Checkouts Full call number Barcode Date last seen Copy number Price effective from Koha item type
    Dewey Decimal Classification     Virtual Virtual Online 17/04/2008   ONLINE PUBLICATION 143220-1001 06/08/2019 1 06/08/2019 Book